|
|
|
|
| LEADER |
01459nam a2200385 a 4500 |
| 001 |
000701247 |
| 003 |
CZ BrMZK |
| 005 |
20080422141313.0 |
| 007 |
ta |
| 008 |
031219s2003 xr a g f 000 0 cze d |
| 015 |
|
|
|a cnb001294103
|
| 020 |
|
|
|a 80-86560-51-1
|q (brož.)
|
| 035 |
|
|
|a (OCoLC)56855071
|
| 040 |
|
|
|a BOA001
|a BOA001
|b cze
|
| 072 |
|
7 |
|a 796
|x Sport. Hry. Tělesná cvičení
|2 Konspekt
|9 20
|
| 080 |
|
|
|a 796.11.05
|2 MRF
|
| 080 |
|
|
|a (035)
|2 MRF
|
| 100 |
1 |
|
|a Vrk Zázvůrek, Radek,
|d 1964-
|7 jn20001103615
|4 aut
|
| 245 |
1 |
0 |
|a AKU-AKU :
|b tajemství Velkonočního ostrova : etapová hra /
|c Radek Vrk Zázvůrek
|
| 246 |
3 |
3 |
|a Tajemství Velikonočního ostrova
|
| 246 |
3 |
3 |
|a Etapová hra: AKU-AKU, Tajemství Velikonočního ostrova
|
| 250 |
|
|
|a 1. vyd.
|
| 260 |
|
|
|a Brno :
|b Mravenec,
|c 2003
|
| 300 |
|
|
|a 71 s. :
|b il. ;
|c 21 cm
|
| 490 |
1 |
|
|a Etapová hra ;
|v 100
|
| 500 |
|
|
|a Název v tiráži: Etapová hra: AKU-AKU, Tajemství Velikonočního ostrova
|
| 504 |
|
|
|a Obsahuje bibliografii
|
| 521 |
|
|
|a Vydáno jako učební pomůcka pro volný čas
|
| 650 |
0 |
7 |
|a etapové hry
|7 ph114487
|2 czenas
|
| 655 |
|
7 |
|a příručky
|7 fd133209
|2 czenas
|
| 830 |
|
0 |
|a Etapová hra
|0 s
|
| 910 |
|
|
|a BOA001
|b 2-1128.350
|
| 990 |
|
|
|a BK
|
| 996 |
6 |
|
|b 2610209985
|c 2-1128.350
|l MZK
|r Sklad / do 1 hodiny
|n 2
|p p.v.
|w 000701247
|u 000010
|a 1
|e BOA001
|j MZK50
|s P
|
| 996 |
7 |
|
|b 2610209986
|c 2-1128.350
|l MZK
|r Sklad / do 1 hodiny
|n 15
|p p.v.
|w 000701247
|u 000020
|a 1
|e BOA001
|j MZK50
|s A
|